[Event "HUN-chT U18"]
[Site "Budapest"]
[Date "2022.11.01"]
[Round "3.1"]
[White "Kreiter, Lilla"]
[Black "Bilku, Andras"]
[Result "1/2-1/2"]
[WhiteElo "1422"]
[BlackElo "1788"]
[PlyCount "75"]
[EventDate "2022.10.31"]
[EventType "team-swiss"]
[EventRounds "7"]
[EventCountry "HUN"]
[SourceTitle "CBM 211 Extra"]
[Source "ChessBase"]
[SourceDate "2023.01.31"]
[SourceVersion "1"]
[SourceVersionDate "2023.01.31"]
[SourceQuality "1"]
[WhiteTeam "Barcza GSC II"]
[BlackTeam "Varosgazda Akademia"]
[WhiteTeamCountry "HUN"]
[BlackTeamCountry "HUN"]

1. g3 g6 2. Bg2 Bg7 3. d3 d5 4. Nf3 c5 5. Nbd2 Nc6 6. Rb1 e5 7. c4 d4 8. 0-0 Nge7 9. Ne4 b6 10. Bg5 0-0 11. Nf6+ Kh8 12. Qd2 Rb8 13. h3 b5 14. b3 b4 15. Ng4 Bxg4 16. hxg4 Qd7 17. Nh2 a5 18. Bh6 a4 19. f3 axb3 20. axb3 Ra8 21. Bxg7+ Kxg7 22. Ra1 Ra3 23. Qb2 Rfa8 24. f4 exf4 25. gxf4 Qa7 26. Rxa3 Qxa3 27. Qb1 Qa2 28. Bf3 Qxb1 29. Rxb1 Ra3 30. Nf1 Na5 31. Nd2 f5 32. gxf5 Nxf5 33. Bg4 Ne3 34. Bd7 Ra2 35. Ne4 Rxe2 36. Nxc5 Rg2+ 37. Kh1 Rf2 38. Ne6+ 1/2-1/2

[Event "HUN-chT U18"]
[Site "Budapest"]
[Date "2022.10.31"]
[Round "1.1"]
[White "Pasztor, Balazs"]
[Black "Bilku, Andras"]
[Result "1-0"]
[WhiteElo "2344"]
[BlackElo "1788"]
[PlyCount "55"]
[EventDate "2022.10.31"]
[EventType "team-swiss"]
[EventRounds "7"]
[EventCountry "HUN"]
[SourceTitle "CBM 211 Extra"]
[Source "ChessBase"]
[SourceDate "2023.01.31"]
[SourceVersion "1"]
[SourceVersionDate "2023.01.31"]
[SourceQuality "1"]
[WhiteTeam "Geniusz Tata"]
[BlackTeam "Varosgazda Akademia"]
[WhiteTeamCountry "HUN"]
[BlackTeamCountry "HUN"]

1. e4 c6 2. d4 d5 3. e5 Bf5 4. Nf3 e6 5. Be2 Nd7 6. 0-0 Ne7 7. Nbd2 c5 8. c4 cxd4 9. Nxd4 Nxe5 10. Nxf5 Nxf5 11. Qa4+ Qd7 12. Qxd7+ Nxd7 13. cxd5 Nd4 14. Bc4 e5 15. Rd1 Rc8 16. Bf1 Rc5 17. Nb3 Rxd5 18. Nxd4 Rxd4 19. Be3 Rxd1 20. Rxd1 a6 21. g3 f5 22. Bc4 Bc5 23. Be6 Nf8 24. Bxf5 Bxe3 25. fxe3 h5 26. Rd6 Rh6 27. Rxh6 gxh6 28. Bc8 1-0

[Event "HUN-ch U14"]
[Site "Budapest"]
[Date "2020.10.29"]
[Round "8"]
[White "Bilku, Andras"]
[Black "Palczert, Matyas"]
[Result "0-1"]
[WhiteElo "1910"]
[BlackElo "2132"]
[PlyCount "58"]
[EventDate "2020.10.24"]
[EventType "tourn"]
[EventRounds "9"]
[EventCountry "HUN"]
[SourceTitle "CBM 199 Extra"]
[Source "ChessBase"]
[SourceDate "2021.01.31"]
[SourceVersion "1"]
[SourceVersionDate "2021.01.31"]
[SourceQuality "1"]

1. Nf3 d5 2. g3 Nd7 3. d4 Nb6 4. Bg2 Bf5 5. 0-0 e6 6. b3 Be7 7. Ba3 Bxa3 8. Nxa3 Nf6 9. c4 c6 10. Nh4 Bg4 11. Qd2 Qe7 12. c5 Nbd7 13. b4 0-0 14. Rfe1 a5 15. b5 e5 16. e3 e4 17. Bf1 g5 18. Ng2 Bh3 19. bxc6 bxc6 20. Rab1 Ng4 21. Be2 Qf6 22. Bd1 Qh6 23. f4 exf3 24. Bxf3 Nxh2 25. Kxh2 Bg4+ 26. Kg1 Bxf3 27. Qf2 Be4 28. Rb7 Nf6 29. g4 Qh3 0-1

[Event "HUN-ch U14"]
[Site "Budapest"]
[Date "2020.10.24"]
[Round "1"]
[White "Bilku, Andras"]
[Black "Tancsa, Tamas"]
[Result "0-1"]
[WhiteElo "1910"]
[BlackElo "2092"]
[PlyCount "106"]
[EventDate "2020.10.24"]
[EventType "tourn"]
[EventRounds "9"]
[EventCountry "HUN"]
[SourceTitle "CBM 199 Extra"]
[Source "ChessBase"]
[SourceDate "2021.01.31"]
[SourceVersion "1"]
[SourceVersionDate "2021.01.31"]
[SourceQuality "1"]

1. Nf3 Nf6 2. g3 g6 3. Bg2 Bg7 4. 0-0 0-0 5. d4 d6 6. b3 e5 7. dxe5 Nfd7 8. Bb2 Nc6 9. Nbd2 Re8 10. Nc4 dxe5 11. e4 b5 12. Qd5 bxc4 13. Qxc6 Nb6 14. Qc5 Qd6 15. Ba3 Bb7 16. Rfe1 Rad8 17. Qxd6 cxd6 18. Rad1 Bf8 19. Nd2 cxb3 20. cxb3 f5 21. exf5 Bxg2 22. Kxg2 gxf5 23. Nf3 Kf7 24. Ng5+ Kg6 25. h4 h6 26. Nf3 Kf6 27. Kf1 Be7 28. Rc1 Rc8 29. Rxc8 Rxc8 30. Rc1 Ke6 31. Rxc8 Nxc8 32. Nd2 d5 33. Bxe7 Nxe7 34. f3 h5 35. Ke2 d4 36. a3 Kd5 37. Nc4 e4 38. f4 Nc6 39. Kd2 Kc5 40. Kc2 Ne7 41. Ne5 d3+ 42. Kd2 a5 43. Nxd3+ exd3 44. Kxd3 Nd5 45. b4+ axb4 46. axb4+ Nxb4+ 47. Kc3 Nd5+ 48. Kd3 Nf6 49. Ke3 Kc4 50. Kf3 Kd3 51. Kg2 Ke2 52. Kh3 Kf3 53. Kh2 Ne4 0-1

[Event "Budapest FS08 Nadassy"]
[Site "Budapest"]
[Date "2019.08.13"]
[Round "10"]
[White "Bilku, Andras"]
[Black "Mayer, Istvan"]
[Result "1-0"]
[WhiteElo "1989"]
[BlackElo "1961"]
[PlyCount "59"]
[EventDate "2019.08.03"]
[EventType "team-swiss"]
[EventRounds "10"]
[EventCountry "HUN"]
[SourceTitle "EXT 2020"]
[Source "ChessBase"]
[SourceDate "2019.10.17"]
[SourceVersion "1"]
[SourceVersionDate "2019.10.17"]
[SourceQuality "1"]
[WhiteTeam "Lower Elo"]
[BlackTeam "Higher Elo"]
[WhiteTeamCountry "HUN"]
[BlackTeamCountry "HUN"]

1. d4 d5 2. c4 dxc4 3. e4 c5 4. d5 Nf6 5. Nc3 b5 6. e5 b4 7. exf6 bxc3 8. bxc3 gxf6 9. Bxc4 Qa5 10. Ne2 Ba6 11. Qd3 Bxc4 12. Qxc4 Nd7 13. Bf4 Rd8 14. Qe4 Nb6 15. Bc7 Rd7 16. Bxb6 Qxb6 17. Rb1 Qd6 18. 0-0 Bh6 19. Ng3 Qe5 20. Qxe5 fxe5 21. Rb8+ Rd8 22. Rxd8+ Kxd8 23. Rb1 Kc7 24. Rb5 Rd8 25. Rxc5+ Kb6 26. Rc6+ Kb7 27. Rxh6 Rxd5 28. Rxh7 e4 29. Rxf7 Kb6 30. Rxe7 1-0

[Event "Budapest FS08 Nadassy"]
[Site "Budapest"]
[Date "2019.08.11"]
[Round "8"]
[White "Bilku, Andras"]
[Black "Poor, Sandor"]
[Result "1/2-1/2"]
[WhiteElo "1989"]
[BlackElo "2227"]
[PlyCount "63"]
[EventDate "2019.08.03"]
[EventType "team-swiss"]
[EventRounds "10"]
[EventCountry "HUN"]
[SourceTitle "EXT 2020"]
[Source "ChessBase"]
[SourceDate "2019.10.17"]
[SourceVersion "1"]
[SourceVersionDate "2019.10.17"]
[SourceQuality "1"]
[WhiteTeam "Lower Elo"]
[BlackTeam "Higher Elo"]
[WhiteTeamCountry "HUN"]
[BlackTeamCountry "HUN"]

1. d4 Nf6 2. c4 e6 3. Nc3 d5 4. cxd5 exd5 5. Bg5 c6 6. Qc2 Be7 7. e3 Nbd7 8. Bd3 0-0 9. Nf3 Re8 10. 0-0 h6 11. Bf4 Nf8 12. Ne5 Nh5 13. h3 Nxf4 14. exf4 Bd6 15. Ne2 f6 16. Ng6 Be6 17. Ng3 Bf7 18. Rae1 Qc7 19. Nh5 Rxe1 20. Rxe1 Re8 21. Rxe8 Bxe8 22. Nxf8 Kxf8 23. Bg6 Qe7 24. Bxe8 Qxe8 25. Qf5 Qe1+ 26. Kh2 Kf7 27. Qh7 Bf8 28. f5 Qxf2 29. Qg6+ Ke7 30. Nxg7 Qf4+ 31. Kh1 Qf1+ 32. Kh2 1/2-1/2

[Event "Budapest FS07 Nadassy"]
[Site "Budapest"]
[Date "2019.07.16"]
[Round "10"]
[White "Bilku, Andras"]
[Black "Szalanczy, Emil"]
[Result "0-1"]
[WhiteElo "1901"]
[BlackElo "2126"]
[PlyCount "142"]
[EventDate "2019.07.06"]
[EventType "team-tourn"]
[EventRounds "10"]
[EventCountry "HUN"]
[SourceTitle "EXT 2020"]
[Source "ChessBase"]
[SourceDate "2019.10.17"]
[SourceVersion "1"]
[SourceVersionDate "2019.10.17"]
[SourceQuality "1"]
[WhiteTeam "Lower Row"]
[BlackTeam "Higher Row"]
[WhiteTeamCountry "HUN"]
[BlackTeamCountry "HUN"]

1. d4 Nf6 2. c4 g6 3. Nc3 d5 4. Bg5 Bg7 5. Bxf6 Bxf6 6. cxd5 c5 7. dxc5 Qa5 8. Qd2 0-0 9. Nf3 Na6 10. Ne4 Qxd2+ 11. Nfxd2 Bxb2 12. Rb1 Bg7 13. e3 b6 14. d6 exd6 15. cxd6 Bb7 16. Bc4 Rac8 17. Bb3 Nc5 18. Nxc5 Rxc5 19. 0-0 Rd8 20. Rbc1 Bc3 21. Nc4 Bf6 22. Rfd1 Rg5 23. g3 Bf3 24. Re1 Rc5 25. Nd2 Bb7 26. Rxc5 bxc5 27. Nc4 Be4 28. Rd1 Bf3 29. Rd2 Kf8 30. Bd1 Bc6 31. Bb3 h5 32. f4 Bb5 33. Kf2 Bc3 34. Rd5 Bb4 35. Rd1 f6 36. e4 Bc3 37. Rd3 Bd4+ 38. Ke2 a5 39. a4 Ba6 40. Kf3 Rxd6 41. Nxd6 Bxd3 42. Bc4 Bc2 43. Bb5 Bd1+ 44. Kg2 Bc2 45. Kf3 Bc3 46. Nb7 Bb4 47. Nd6 Ke7 48. Nc4 g5 49. f5 Bc3 50. h3 Bd1+ 51. Kg2 g4 52. hxg4 hxg4 53. Bc6 Be1 54. e5 fxe5 55. Nxe5 Bc3 56. Nd3 c4 57. Nf4 Kd6 58. Bb5 Bf3+ 59. Kf1 Kc5 60. Ne2 Be5 61. Nf4 Be4 62. Kf2 Bxf5 63. Ke3 Bd4+ 64. Ke2 Bb2 65. Kd1 Be5 66. Ne2 Kb4 67. Kd2 Be4 68. Ke3 Bf3 69. Nd4 c3 70. Nc2+ Kb3 71. Kd3 Bxg3 0-1

[Event "Budapest FS06 Nadassy"]
[Site "Budapest"]
[Date "2019.06.07"]
[Round "6.4"]
[White "Bilku, Andras"]
[Black "Nemeth, Zoltan"]
[Result "0-1"]
[WhiteElo "1907"]
[BlackElo "2271"]
[PlyCount "60"]
[EventDate "2019.06.01"]
[EventType "schev"]
[EventRounds "10"]
[EventCountry "HUN"]
[SourceTitle "EXT 2020"]
[Source "ChessBase"]
[SourceDate "2019.10.17"]
[SourceVersion "1"]
[SourceVersionDate "2019.10.17"]
[SourceQuality "1"]
[WhiteTeam "Lower Row"]
[BlackTeam "Higher Row"]
[WhiteTeamCountry "HUN"]
[BlackTeamCountry "HUN"]

1. d4 d5 2. c4 c6 3. Nf3 e6 4. Nbd2 f5 5. e3 Nf6 6. Bd3 Bd6 7. b3 Qe7 8. Bb2 0-0 9. Ne5 Bd7 10. h3 Ne4 11. Bxe4 fxe4 12. Qg4 Be8 13. f4 exf3 14. Ndxf3 Nd7 15. Ke2 Rf5 16. Qh4 g5 17. Qh6 Bxe5 18. dxe5 Bg6 19. h4 g4 20. Ng5 Raf8 21. Bc3 Rf2+ 22. Ke1 Nc5 23. h5 Nd3+ 24. Kd1 Bf5 25. e4 dxe4 26. Qf6 Rxf6 27. exf6 Qc5 28. f7+ Kf8 29. h6 Nb2+ 30. Bxb2 Qd6+ 0-1

[Event "Budapest FS06 Nadassy"]
[Site "Budapest"]
[Date "2019.06.05"]
[Round "5.5"]
[White "Mayer, Istvan"]
[Black "Bilku, Andras"]
[Result "1/2-1/2"]
[WhiteElo "1911"]
[BlackElo "1907"]
[PlyCount "125"]
[EventDate "2019.06.01"]
[EventType "schev"]
[EventRounds "10"]
[EventCountry "HUN"]
[SourceTitle "EXT 2020"]
[Source "ChessBase"]
[SourceDate "2019.10.17"]
[SourceVersion "1"]
[SourceVersionDate "2019.10.17"]
[SourceQuality "1"]
[WhiteTeam "Higher Row"]
[BlackTeam "Lower Row"]
[WhiteTeamCountry "HUN"]
[BlackTeamCountry "HUN"]

1. e4 c6 2. d4 d5 3. Nc3 dxe4 4. Nxe4 Bf5 5. Ng3 Bg6 6. Nf3 Nd7 7. h4 h6 8. h5 Bh7 9. Bd3 Bxd3 10. Qxd3 Ngf6 11. Bd2 e6 12. Ne4 Nxe4 13. Qxe4 Nf6 14. Qh4 Qd5 15. a3 Be7 16. b3 b5 17. Be3 b4 18. axb4 Bxb4+ 19. Kf1 Bc3 20. Ra4 Qf5 21. Ra2 Nd5 22. Qg3 Nxe3+ 23. fxe3 0-0 24. Rh4 Kh8 25. Qe5 Bb4 26. Rf4 Qh7 27. d5 c5 28. dxe6 f6 29. Qe4 Rfe8 30. Qxh7+ Kxh7 31. Rc4 a5 32. c3 a4 33. cxb4 axb3 34. Rb2 Ra1+ 35. Ne1 Rxe6 36. Rxb3 cxb4 37. Rbxb4 Rxe3 38. Rc8 Raxe1+ 39. Kf2 Re8 40. Rxe8 Rxe8 41. Rb7 Re5 42. g4 Rg5 43. Kf3 f5 44. gxf5 Rxh5 45. Kg4 Rg5+ 46. Kf4 Rg1 47. Ke5 Re1+ 48. Kf4 Kg8 49. Kg4 Rg1+ 50. Kf4 Kf8 51. Ke5 Re1+ 52. Kf4 Re7 53. Rb6 Kf7 54. Ra6 Rb7 55. Ke5 Rb5+ 56. Kf4 Rb4+ 57. Ke5 h5 58. Ra7+ Kg8 59. Ra8+ Kh7 60. Ra7 Rb5+ 61. Kf4 Rb6 62. Kg5 Rh6 63. Ra4 1/2-1/2

[Event "Budapest FS06 Nadassy"]
[Site "Budapest"]
[Date "2019.06.02"]
[Round "2.3"]
[White "Bilku, Andras"]
[Black "Farago, Sandor"]
[Result "1-0"]
[WhiteElo "1907"]
[BlackElo "2234"]
[PlyCount "105"]
[EventDate "2019.06.01"]
[EventType "schev"]
[EventRounds "10"]
[EventCountry "HUN"]
[SourceTitle "EXT 2020"]
[Source "ChessBase"]
[SourceDate "2019.10.17"]
[SourceVersion "1"]
[SourceVersionDate "2019.10.17"]
[SourceQuality "1"]
[WhiteTeam "Lower Row"]
[BlackTeam "Higher Row"]
[WhiteTeamCountry "HUN"]
[BlackTeamCountry "HUN"]

1. d4 Nf6 2. c4 g6 3. Nc3 Bg7 4. e4 d6 5. Nf3 0-0 6. h3 Nbd7 7. Bg5 h6 8. Be3 e5 9. d5 Nc5 10. Nd2 Kh8 11. b4 Ncd7 12. c5 Ne8 13. g4 a6 14. Bd3 Qe7 15. Nb3 b6 16. c6 Ndf6 17. Qd2 Ng8 18. Rc1 Qh4 19. Qe2 f5 20. exf5 gxf5 21. Bxf5 Bxf5 22. gxf5 Qxb4 23. Qg4 e4 24. Bd2 Nef6 25. Qh4 Qc4 26. Ne2 Qxd5 27. Nf4 Qxf5 28. Nd4 Qh7 29. Rg1 Ne7 30. Nfe6 Ng6 31. Qg3 Ne5 32. Qxg7+ Qxg7 33. Rxg7 Nd5 34. Rg3 Rf6 35. Ke2 Re8 36. Be3 Rexe6 37. Nxe6 Rxe6 38. Rcg1 Ne7 39. Bxb6 N5xc6 40. Be3 d5 41. Bc5 d4 42. Rg7 d3+ 43. Kd1 Nf5 44. R7g6 Rxg6 45. Rxg6 Na5 46. Rf6 Ng7 47. Bd4 c5 48. Bc3 Nc4 49. Rxh6+ Kg8 50. Rg6 e3 51. Rxg7+ Kf8 52. Rg6 e2+ 53. Ke1 1-0

[Event "Budapest Karacsonyi op"]
[Site "Budapest"]
[Date "2017.12.30"]
[Round "7"]
[White "Bilku, Andras"]
[Black "Karacsonyi, Kata"]
[Result "1/2-1/2"]
[WhiteElo "1728"]
[BlackElo "1740"]
[PlyCount "161"]
[EventDate "2017.12.27"]
[EventType "swiss"]
[EventRounds "7"]
[EventCountry "HUN"]
[SourceTitle "CBM 182 Extra"]
[Source "ChessBase"]
[SourceDate "2018.02.23"]
[SourceVersion "1"]
[SourceVersionDate "2018.02.23"]
[SourceQuality "1"]

1. d4 Nf6 2. c4 e6 3. Nc3 c5 4. d5 exd5 5. cxd5 d6 6. Nf3 g6 7. Nd2 Bg7 8. e4 0-0 9. Bd3 a6 10. a4 Nbd7 11. Nc4 Nb6 12. Nxb6 Qxb6 13. a5 Qc7 14. 0-0 Nd7 15. f4 c4 16. Bc2 Nc5 17. Be3 Re8 18. Qf3 Re7 19. Rfd1 f6 20. Qf2 Nd7 21. Bb6 Nxb6 22. axb6 Qd8 23. Ra4 Bg4 24. Re1 Rc8 25. Kf1 Bd7 26. Ra5 Qe8 27. f5 gxf5 28. exf5 Rxe1+ 29. Qxe1 Qxe1+ 30. Kxe1 Kf8 31. g4 Bh6 32. Ke2 Bf4 33. h3 Re8+ 34. Be4 Bc1 35. Ra2 h5 36. Kf3 hxg4+ 37. hxg4 Kf7 38. Ne2 Bg5 39. Nd4 Rc8 40. Nc6 Bc1 41. Ra4 Bxb2 42. Rxc4 Ba3 43. Ra4 Bc5 44. Rxa6 bxa6 45. b7 Re8 46. b8Q Rxb8 47. Nxb8 Bb5 48. Nc6 Bb6 49. Nb4 a5 50. Bd3 Bxd3 51. Nxd3 a4 52. Nb4 a3 53. Na2 Ba5 54. Ke4 Kg7 55. Kd3 Kh6 56. Ke2 Kg5 57. Kf3 Kh4 58. Kf4 Bd2+ 59. Kf3 Kg5 60. Kg3 Kh6 61. Kg2 Kg7 62. Kf3 Kf7 63. Ke4 Ke7 64. Kd3 Bf4 65. Kc4 Be5 66. Kb3 Kf7 67. Kxa3 Kg7 68. Kb3 Kh6 69. Kc4 Kg5 70. Kd3 Kxg4 71. Ke4 Kg3 72. Nb4 Kg4 73. Nc6 Kg5 74. Nd8 Kh6 75. Nf7+ Kg7 76. Nxe5 fxe5 77. Kf3 Kf6 78. Kg4 e4 79. Kf4 e3 80. Kxe3 Kxf5 81. Kf3 1/2-1/2

[Event "Budapest Karacsonyi op"]
[Site "Budapest"]
[Date "2017.12.30"]
[Round "6"]
[White "Varga, Boldizsar"]
[Black "Bilku, Andras"]
[Result "1-0"]
[WhiteElo "1728"]
[BlackElo "1728"]
[PlyCount "61"]
[EventDate "2017.12.27"]
[EventType "swiss"]
[EventRounds "7"]
[EventCountry "HUN"]
[SourceTitle "CBM 182 Extra"]
[Source "ChessBase"]
[SourceDate "2018.02.23"]
[SourceVersion "1"]
[SourceVersionDate "2018.02.23"]
[SourceQuality "1"]

1. d4 Nf6 2. c4 e6 3. Nc3 Bb4 4. Bg5 h6 5. Bh4 c5 6. e3 g5 7. Bg3 Ne4 8. Qc2 Qa5 9. Rc1 Qxa2 10. Qxe4 Qxb2 11. Qc2 Qxc2 12. Rxc2 cxd4 13. exd4 Nc6 14. Nge2 a5 15. Kd1 a4 16. d5 Bxc3 17. Nxc3 Nb4 18. Rb2 a3 19. Rxb4 a2 20. Nxa2 Rxa2 21. Be5 Rf8 22. g3 Rxf2 23. Rb2 Rxb2 24. Bxb2 exd5 25. cxd5 f5 26. d6 Rg8 27. Bc4 Rg6 28. Re1+ Kd8 29. Ba3 Rg7 30. Re5 f4 31. Bc5 1-0

[Event "Budapest Karacsonyi op 8th"]
[Site "Budapest"]
[Date "2016.12.27"]
[Round "1"]
[White "Juhasz, Agoston Botond"]
[Black "Bilku, Andras"]
[Result "0-1"]
[WhiteElo "1932"]
[BlackElo "1592"]
[PlyCount "88"]
[EventDate "2016.12.27"]
[EventType "swiss"]
[EventRounds "7"]
[EventCountry "HUN"]
[SourceTitle "CBM 176 Extra"]
[Source "ChessBase"]
[SourceDate "2017.03.02"]
[SourceVersion "1"]
[SourceVersionDate "2017.03.02"]
[SourceQuality "1"]

1. e4 c6 2. d4 d5 3. Nd2 dxe4 4. Nxe4 Bf5 5. Ng3 Bg6 6. Nh3 Nd7 7. Nf4 e5 8. dxe5 Nxe5 9. Qe2 Qe7 10. h4 Bxc2 11. Be3 Qb4+ 12. Bd2 Qxb2 13. Rc1 0-0-0 14. Qe3 Rxd2 15. Kxd2 Bb4+ 16. Ke2 Ba3 17. Rxc2 Qxc2+ 18. Qd2 Qc4+ 19. Ke1 Bb4 20. Bxc4 Bxd2+ 21. Kxd2 Nxc4+ 22. Kc3 Nd6 23. Rd1 Kc7 24. Re1 Nf6 25. Kd4 Rd8 26. Re7+ Rd7 27. Rxd7+ Kxd7 28. Nfh5 Nxh5 29. Nxh5 g6 30. Nf6+ Ke7 31. Nxh7 Nf5+ 32. Ke4 f6 33. Kf4 Nxh4 34. g3 g5+ 35. Kg4 Ng6 36. Kf5 Ne5 37. Nxf6 Nd3 38. Ne4 b5 39. Kxg5 c5 40. f4 c4 41. f5 b4 42. f6+ Kf8 43. a3 c3 44. axb4 c2 0-1